Statistics for Free Imperial Cities of the Holy Roman Empire (Full Version)

Click here to take the quiz!

General Stats

  • This quiz has been taken 40 times
  • The average score is 35 of 104

Answer Stats

GroupHint 1Hint 2Answer% Correct
Pre-1792SwitzerlandCityBern
94%
1792GermanyCityCologne
88%
1792GermanyCityFrankfurt
88%
Pre-1792FranceCityStrasbourg
88%
Pre-1792SwitzerlandCityBasel
85%
1792GermanyCityBremen
85%
Pre-1792SwitzerlandCityZürich
85%
1792GermanyCityHamburg
82%
1792GermanyCityNuremburg
82%
1792GermanyCityAugsburg
76%
1792GermanyCityLübeck
74%
Pre-1792GermanyCityMainz
74%
1792GermanyCityDortmund
68%
1792GermanyCityUlm
68%
Pre-1792FranceCityMetz
65%
1792GermanyCityRegensburg
65%
1792GermanyCityWorms
65%
1792GermanyCityAachen
59%
Pre-1792SwitzerlandMunicipalityFribourg
56%
1792GermanyTownSchwäbisch Hall
53%
Pre-1792FranceCityBesançon
50%
1792GermanyCitySpeyer
50%
Pre-1792GermanyCityKonstanz
47%
Pre-1792FranceCommuneMunster
47%
Pre-1792LatviaCityRiga
44%
Pre-1792FranceCity/communeColmar
41%
1792GermanyTownRavensburg
41%
Pre-1792FranceCommuneToul
41%
1792GermanyTownAalen
38%
1792GermanyCityHeilbronn
38%
Pre-1792SwitzerlandCityLucerne
38%
Pre-1792FranceCity/communeMulhouse
38%
1792GermanyTownSchwäbisch Gmünd
38%
1792GermanyCityEsslingen am Neckar
35%
1792GermanyTownMemmingen
35%
1792GermanyTownRottweil
35%
Pre-1792FranceCityVerdun
35%
Pre-1792SwitzerlandMunicipalityBaden
32%
Pre-1792GermanyCityDuisburg
32%
1792GermanyCityMühlhausen
32%
1792GermanyCityOffenburg
32%
Pre-1792FranceCommuneCambrai
29%
1792GermanyCityFriedrichshafen
29%
Pre-1792FranceCommuneHaguenau
29%
1792GermanyTownKempten
29%
1792GermanyTownNördlingen
29%
1792GermanyCityReutlingen
29%
1792GermanyTownRothenburg ob der Tauber
29%
1792GermanyCityWetzlar
29%
1792GermanyTownBad Wimpfen
26%
1792GermanyTownFriedberg
26%
1792GermanyCityNordhausen
26%
Pre-1792SwitzerlandTown/municipalitySchaffhausen
26%
1792GermanyTownWeißenburg in Bayern
26%
Pre-1792SwitzerlandTownZug
26%
Pre-1792GermanyTownDonauwörth
24%
Pre-1792GermanyTownGelnhausen
24%
Pre-1792NetherlandsCityNijmegen
24%
1792GermanyTownSchweinfurt
24%
Pre-1792SwitzerlandTown/municipalitySolothurn
24%
Pre-1792GermanyTownVerden
24%
Pre-1792SwitzerlandCityWinterthur
24%
Pre-1792FranceCommuneWissembourg
24%
1792GermanyTownBad Buchau
21%
1792GermanyTownBiberach
21%
1792GermanyCityBopfingen
21%
1792GermanyTownDinkelsbühl
21%
1792GermanyTownGiengen
21%
1792GermanyTownGoslar
21%
1792GermanyTownKaufbeuren
21%
1792GermanyTownLindau
21%
1792GermanyTownPfullendorf
21%
Pre-1792FranceCommuneSélestat
21%
1792GermanyCityWangen im Allgäu
21%
1792GermanyTownWeil der Stadt
21%
1792GermanyTownBad Windsheim
18%
Pre-1792NetherlandsCity/municipalityDeventer
18%
1792GermanyTownGengenbach
18%
1792GermanyTownIsny im Allgäu
18%
Pre-1792GermanyTownLandau
18%
Pre-1792FranceCommuneTurckheim
18%
1792GermanyCityÜberlingen
18%
Pre-1792FranceCommuneKaysersberg Vignoble
15%
1792GermanyTownLeutkirch im Allgäu
15%
Pre-1792FranceCommuneObernai
15%
Pre-1792FranceCommuneRosheim
15%
Pre-1792FranceCommuneSarrebourg
15%
1792GermanyTownZell am Harmersbach
15%
Pre-1792SwitzerlandMunicipalityBremgarten
12%
Pre-1792GermanyTownDüren
12%
Pre-1792SwitzerlandMunicipalityFrauenfeld
12%
Pre-1792GermanyTownFüssen
12%
Pre-1792SwitzerlandMunicipalityMurten
12%
Pre-1792SwitzerlandMunicipalityRheinfelden
12%
Pre-1792GermanyTown/municipalityBoppard
9%
Pre-1792GermanyTownBrakel
9%
Pre-1792SwitzerlandVillage/municipalityDiessenhofen
9%
Pre-1792GermanyTownHerford
9%
Pre-1792NetherlandsCity/municipalityKampen
9%
Pre-1792BelgiumVillageKessenich
9%
Pre-1792GermanyTownLemgo
9%
Pre-1792SwitzerlandMunicipalityRapperswil-Jona
9%
Pre-1792GermanyTownSchmalkalden
9%
Pre-1792GermanyTownWarburg
9%

Score Distribution

Percentile by Number Answered

Percent of People with Each Score

Your Score History

You have not taken this quiz